000 00928nam a2200229 a 4500
001 79658
003 BD-RjUL
005 20220404113808.0
008 220404s2012 bg ||||| |||| 00| 0 ben d
020 _a9847012401484
_c: Tk. 225.00
035 _a(BD-RjUL)79658
040 _aBD-RjUL
_beng
_cBD-RjUL
041 _aben
082 _223
_a891.443
_bCHM 2012
100 _aচৌধুরী, শ্যামলী নাসরীন
_92236
245 _aমুক্তিযোদ্ধা কন্যা /
_cশ্যামলী নাসরীন চৌধুরী
260 _aঢাকা :
_bসাহিত্য প্রকাশ,
_c২০১২
300 _a১৪১ পৃ.;
_c২২ সেমি.
650 _aবাংলাদেশ
_xইতিহাস
_yবিপ্লব, ১৯৭১
_vউপন্যাস
_92237
650 _aBangladesh
_xHistory
_yRevolution, 1971
_vNovel
_92238
942 _2ddc
_cBK
999 _c79658
_d79658